| 000 | 01150nam a2200229Ia 4500 | ||
|---|---|---|---|
| 999 |
_c37851 _d37851 |
||
| 001 | 3829 | ||
| 003 | GE_BSU | ||
| 005 | 20190816164118.0 | ||
| 008 | 181216s1985||||ge |||||||||||||| ||geo|| | ||
| 040 | _cGE_BSU | ||
| 041 | _ageo | ||
| 080 | _a159.923 ნ–16 | ||
| 100 |
_aნადირაშვილი, შ. _92767 |
||
| 245 |
_aგანწყობის ფსიქოლოგია : _bსოციალური განწყობა: ნაწ. 2 / _cშოთა ნადირაშვილი; რედ. ალ. ფრანგიშვილი; საქ. სსრ. მეცნ. აკად. ფილოსოფიის ინ–ტი. |
||
| 264 |
_a თბ. : _bმეცნიერება, _c1985. |
||
| 300 |
_a302 გვ. _b21 სმ. |
||
| 653 | _aგანწყობის ფსიქოლოგია | ||
| 653 | _aსოციალური განწყობა | ||
| 700 |
_aფრანგიშვილი, ალ. _eრედაქტორი _93630 |
||
| 710 |
_aსაქ. სსრ. მეცნ. აკად. ფილოსოფიის ინ–ტი _93662 |
||
| 942 |
_cBK _2udc |
||